Statystyki dla Kwadraty Liczb

Kliknij tutaj aby rozwiązać quiz!

Ogólne statystyki

  • Ten quiz został rozwiązany 199 razy
  • Średni wynik to 14 z 15

Statystyki odpowiedzi

LiczbaKwadrat% Poprawnych
11
100%
416
99%
525
99%
24
99%
39
98%
10100
96%
636
96%
749
95%
864
94%
981
94%
11121
92%
12144
88%
13169
82%
15225
72%
14196
68%

Rozkład punktacji

Percentyl według liczby udzielonych odpowiedzi

Procent ludzi z każdym wynikiem

Twoja historia wyników

Nie rozwiązałeś tego quizu